| Поле | Название | Значение |
| |
Тип записи |
c |
| |
Библиографический уровень |
m |
| 001 |
Контрольный номер |
UONB/NOTY/a9efcaf43c9843eab34c7ecf5cac90ed |
| 005 |
Дата корректировки |
20250520125102.7 |
| 010 |
Индекс ISBN |
__ |
| 9 |
Тираж |
18500 экз. |
| 013 |
Номер (ISMN) |
__ |
| d |
Цена |
45 к. |
| 100 |
Данные общей обработки |
__ |
| a |
Данные общей обработки |
20220705d1962 c##y0rusy0189## ca |
| 101 |
Язык документа |
0_ |
| a |
Язык текста |
rus |
| f |
Язык титульного листа |
rus |
| 102 |
Страна публикации |
__ |
| a |
Страна публикации |
RU |
| 125 |
Кодированные данные звукозаписи и нотных изданий |
__ |
| a |
Форма изложения нотного текста |
m |
| 128 |
Кодированные данные (звукозаписи-физические характеристики) |
__ |
| a |
Кодированные данные: Музыкальная форма и тональность или лад |
fm |
| b |
Инструменты или голоса, необходимые для ансамблей (устаревшее) |
cd |
| c |
Инструменты или голоса, рекомендуемые для солистов (устаревшее) |
vu |
| 200 |
Заглавие и сведения об ответственности |
1_ |
| a |
Заглавие |
Поет, поет соловушка |
| e |
Сведения, относящиеся к заглавию |
рус. нар. песни для детей мл. возраста |
| e |
Сведения, относящиеся к заглавию |
для пения с фп. |
| f |
Первые сведения об ответственности |
сост. и авт. предисл. Н. Метлов |
| g |
Последующие сведения об ответственности |
худож. Е. Короткова |
| 203 |
Вид содержания и тип средства |
__ |
| a |
Вид содержания |
Музыка |
| b |
Характеристика содержания |
знаковая |
| c |
Тип средства |
непосредственная |
| 210 |
Выходные данные |
1_ |
| a |
Место издания |
Москва |
| c |
Издательство |
Музгиз |
| d |
Дата издания |
1962 |
| 215 |
Физическое описание |
__ |
| a |
Объем |
36 с. |
| c |
Иллюстрации/тип воспроизводства |
цв. ил. |
| d |
Формат |
29 см |
| 300 |
Общие примечания |
__ |
| a |
Общие примечания |
Метод. указания : с. 30-35 |
| 327 |
Примечание о содержании |
01 |
| a |
Примечание о содержании |
Содерж. : Ладушки ; Заинька / обраб. Н. Римского-Корсакова. - Петушок ; Коровушка / обраб. М. Красева. - Ходит Ваня ; На горе-то калина / обраб. М. Раухвергера. - Курочка-рябушечка ; Поет, поет соловушка ; Патока с имбирем / обраб. Г. Лобачева. - Кисель ; Где был, Иванушка ; А я по лугу ; Ой, вставала я ранешенько / обраб. Н. Метлова. - Земелюшка-чернозем ; Комарочек / обраб. А. Лядова. - Теремок ; Котя, котенька-коток ; Как на тоненький ледок / обраб Т. Попатенко. - Со вьюном я хожу ; Сеяли девушки яровой хмель / обраб. А. Гречанинова. - Чики-чики, чикалочки / обраб. Е. Тиличеевой. - Ворон / обраб. В. Иванникова. - Гуси / обраб. С. Разоренова. - Во поле береза стояла / обраб. А. Рубца. - Как пошли наши подружки / обраб. М. Иорданского. |
| 464 |
Аналитический уровень |
_0 |
| 1 |
|
702 1 |
| a |
|
Римский-Корсаков |
| b |
|
Н. |
| 4 |
|
030 |
| 1 |
|
2001 |
| a |
|
Ладушки |
| 1 |
|
036 |
| t |
|
Ладушки, ладушки... |
| 464 |
Аналитический уровень |
_0 |
| 1 |
|
702 1 |
| a |
|
Римский-Корсаков |
| b |
|
Н. |
| 1 |
|
2001 |
| a |
|
Заинька |
| 1 |
|
036 |
| t |
|
Заинька, выходи... |
| 464 |
Аналитический уровень |
_0 |
| 1 |
|
702 1 |
| a |
|
Красев |
| b |
|
М. |
| 4 |
|
030 |
| 1 |
|
2001 |
| a |
|
Петушок |
| 1 |
|
036 |
| t |
|
Петушок, петушок, золотой гребешок... |
| 464 |
Аналитический уровень |
_0 |
| 1 |
|
702 1 |
| a |
|
Красев |
| b |
|
М. |
| 4 |
|
030 |
| 1 |
|
2001 |
| a |
|
Коровушка |
| 1 |
|
036 |
| t |
|
Уж как я ль мою коровушку люблю... |
| 464 |
Аналитический уровень |
_0 |
| 1 |
|
702 1 |
| a |
|
Раухвергер |
| b |
|
М. |
| 4 |
|
030 |
| 1 |
|
2001 |
| a |
|
Ходит Ваня |
| 1 |
|
036 |
| t |
|
Ходит Ваня... |
| 464 |
Аналитический уровень |
_0 |
| 1 |
|
702 1 |
| a |
|
Раухвергер |
| b |
|
М. |
| 4 |
|
030 |
| 1 |
|
2001 |
| a |
|
На горе-то калина |
| 1 |
|
036 |
| t |
|
На горе-то калина... |
| 464 |
Аналитический уровень |
_0 |
| 1 |
|
702 1 |
| a |
|
Лобачев |
| b |
|
Г. |
| 4 |
|
030 |
| 1 |
|
2001 |
| a |
|
Курочка-рябушечка |
| 1 |
|
036 |
| t |
|
Курочка-рябушечка... |
| 464 |
Аналитический уровень |
_0 |
| 1 |
|
702 1 |
| a |
|
Лобачев |
| b |
|
Г. |
| 4 |
|
030 |
| 1 |
|
2001 |
| a |
|
Поет, поет соловушка |
| 1 |
|
036 |
| t |
|
Поет, поет... |
| 464 |
Аналитический уровень |
_0 |
| 1 |
|
702 1 |
| a |
|
Лобачев |
| b |
|
Г. |
| 4 |
|
030 |
| 1 |
|
2001 |
| a |
|
Патока с имбирем |
| 1 |
|
036 |
| t |
|
Патоку с имбирем... |
| 464 |
Аналитический уровень |
_0 |
| 1 |
|
702 1 |
| a |
|
Метлов |
| b |
|
Н. |
| 4 |
|
030 |
| 1 |
|
2001 |
| a |
|
Кисель |
| 1 |
|
036 |
| t |
|
Бабушка кисель варила... |
| 464 |
Аналитический уровень |
_0 |
| 1 |
|
702 1 |
| a |
|
Метлов |
| b |
|
Н. |
| 4 |
|
030 |
| 1 |
|
2001 |
| a |
|
Где был, Иванушка? |
| 1 |
|
036 |
| t |
|
Где был, Иванушка?.. |
| 464 |
Аналитический уровень |
_0 |
| 1 |
|
702 1 |
| a |
|
Метлов |
| b |
|
Н. |
| 4 |
|
030 |
| 1 |
|
2001 |
| a |
|
А я по лугу |
| 1 |
|
036 |
| t |
|
А я по лугу... |
| 464 |
Аналитический уровень |
_0 |
| 1 |
|
702 1 |
| a |
|
Метлов |
| b |
|
Н. |
| 4 |
|
030 |
| 1 |
|
2001 |
| a |
|
Ой, вставала я ранешенько |
| 1 |
|
036 |
| t |
|
Ой, вставала я ранешенько... |
| 464 |
Аналитический уровень |
_0 |
| 1 |
|
702 1 |
| a |
|
Лядов |
| b |
|
А. |
| 4 |
|
030 |
| 1 |
|
2001 |
| a |
|
Земелюшка-чернозем |
| 1 |
|
036 |
| t |
|
Земелюшка-чернозем... |
| 464 |
Аналитический уровень |
_0 |
| 1 |
|
702 1 |
| a |
|
Лядов |
| b |
|
А. |
| 4 |
|
030 |
| 1 |
|
2001 |
| a |
|
Комарочек |
| 1 |
|
036 |
| t |
|
Все мы песни перепели... |
| 464 |
Аналитический уровень |
_0 |
| 1 |
|
702 1 |
| a |
|
Попатенко |
| b |
|
Т. |
| 4 |
|
030 |
| 1 |
|
2001 |
| a |
|
Теремок |
| 1 |
|
036 |
| t |
|
Стоит в поле теремок, теремок... |
| 464 |
Аналитический уровень |
_0 |
| 1 |
|
702 1 |
| a |
|
Попатенко |
| b |
|
Т. |
| 4 |
|
030 |
| 1 |
|
2001 |
| a |
|
Котя, котенька-коток |
| 1 |
|
036 |
| t |
|
Котя, котенька-коток... |
| 464 |
Аналитический уровень |
_0 |
| 1 |
|
702 1 |
| a |
|
Попатенко |
| b |
|
Т. |
| 4 |
|
030 |
| 1 |
|
2001 |
| a |
|
Как на тоненький ледок |
| 1 |
|
036 |
| t |
|
Как на тоненький ледок... |
| 464 |
Аналитический уровень |
_0 |
| 1 |
|
702 1 |
| a |
|
Гречанинов |
| b |
|
А. |
| 4 |
|
030 |
| 1 |
|
2001 |
| a |
|
Со вьюном я хожу |
| 1 |
|
036 |
| t |
|
Со вьюном я хожу... |
| 464 |
Аналитический уровень |
_0 |
| 1 |
|
702 1 |
| a |
|
Гречанинов |
| b |
|
А. |
| 4 |
|
030 |
| 1 |
|
2001 |
| a |
|
Сеяли девушки яровой хмель |
| 1 |
|
036 |
| t |
|
Сеяли девушки яровой хмель... |
| 464 |
Аналитический уровень |
_0 |
| 1 |
|
702 1 |
| a |
|
Тиличеева |
| b |
|
Е. |
| 1 |
|
2001 |
| a |
|
Чики-чики, чикалочки |
| 1 |
|
036 |
| t |
|
Чики-чики, чикалочки... |
| 464 |
Аналитический уровень |
_0 |
| 1 |
|
702 1 |
| a |
|
Иванников |
| b |
|
В. |
| 4 |
|
030 |
| 1 |
|
2001 |
| a |
|
Ворон |
| 1 |
|
036 |
| t |
|
Ой, ребята, та-ра-ра! |
| 464 |
Аналитический уровень |
_0 |
| 1 |
|
702 1 |
| a |
|
Разоренов |
| b |
|
С. |
| 4 |
|
030 |
| 1 |
|
2001 |
| a |
|
Гуси |
| 1 |
|
036 |
| t |
|
Гуси, вы гуси!.. |
| 464 |
Аналитический уровень |
_0 |
| 1 |
|
702 1 |
| a |
|
Рубец |
| b |
|
А. |
| 4 |
|
030 |
| 1 |
|
2001 |
| a |
|
Во поле береза стояла |
| 1 |
|
036 |
| t |
|
Во поле береза стояла... |
| 464 |
Аналитический уровень |
_0 |
| 1 |
|
702 1 |
| a |
|
Иорданский |
| b |
|
М. |
| 4 |
|
030 |
| 1 |
|
2001 |
| a |
|
Как пошли наши подружки |
| 1 |
|
036 |
| t |
|
Как пошли наши подружки... |
| 512 |
Заглавие обложки |
1_ |
| a |
Заглавие обложки |
Поёт, поёт соловушка |
| 606 |
Тематические рубрики |
0_ |
| a |
Основная рубрика |
Детские песни |
| x |
Основная подрубрика |
Народные песни детские |
| x |
Основная подрубрика |
Дошкольное музыкальное воспитание |
| x |
Основная подрубрика |
Русские народные песни |
| y |
Географическая подрубрика |
Россия |
| 610 |
Ключевые слова |
0_ |
| a |
Ключевые слова |
русские народные песни детские; младший детский возраст; дошкольное музыкальное воспитание |
| 686 |
Индексы других классификаций |
__ |
| 2 |
Код системы |
rubbk |
| a |
Классификационный индекс |
85.984.1-092 |
| a |
Классификационный индекс |
85.92-4(2Рос) |
| 702 |
Вторичная интеллектуальная ответственность |
_1 |
| a |
Фамилия |
Метлов |
| b |
Имя (инициалы) |
Н. |
| 4 |
Код отношения |
220 |
| 4 |
Код отношения |
080 |
| 702 |
Вторичная интеллектуальная ответственность |
_1 |
| a |
Фамилия |
Короткова |
| b |
Имя (инициалы) |
Е. |
| 4 |
Код отношения |
440 |
| 801 |
Источник записи |
_0 |
| a |
Страна |
RU |
| b |
Организация |
Ульяновская ОНБ |
| c |
Дата составления |
20220705 |
| g |
Правила каталогизации |
RCR |
| 801 |
Источник записи |
_1 |
| a |
Страна |
RU |
| b |
Организация |
Ульяновская ОНБ |
| c |
Дата составления |
20220705 |
| g |
Правила каталогизации |
RCR |
| 901 |
Тип документа |
__ |
| t |
Тип документа |
m |
| 909 |
Создатель записи |
__ |
| a |
Создатель записи |
Никитина Т. А. |